Normal view
MARC view
- Shoaq, Ghulam Rasool
Entry Personal Name
001 - CONTROL NUMBER
- control field: 16421
003 - CONTROL NUMBER IDENTIFIER
- control field: NUST
005 - DATE AND TIME OF LATEST TRANSACTION
- control field: 20190702114235.0
008 - FIXED-LENGTH DATA ELEMENTS
- fixed length control field: 190702|| aca||aabn | a|a d
040 ## - CATALOGING SOURCE
- Original cataloging agency: NUST
- Transcribing agency: NUST
100 ## - HEADING--PERSONAL NAME
- Personal name: Shoaq, Ghulam Rasool
670 ## - SOURCE DATA FOUND
- Source citation: Work cat.: (NUST): Shoaq, Ghulam Rasool, Bareetay \, 1992.
